Análisis genético poblacional y biométrico de varias poblaciones de jaguares (Panthera onca) y pumas (Puma concolor) neotropicales (Registro nro. 2510)
[ vista simple ]
| 000 -CABECERA | |
|---|---|
| Campo de control | 00879nam a2200289 a 4500 |
| 005 - FECHA Y HORA DE LA ULTIMA TRANSACCION | |
| Campo de control | 20191224041638.0 |
| 008 - ELEMENTOS DE LONGITUD FIJA—INFORMACION GENERAL | |
| Campo de control | 140305b2001 ck |||||rm||| 00| 0 spa d |
| 040 ## - FUENTE DE CATALOGACIÓN | |
| Agencia catalogadora original | CO-BoIAVH |
| Agencia transcriptora | CO-BoIAVH |
| 041 ## - IDIOMA | |
| Código de idioma para texto/pista de sonido o título separado | Español |
| 044 ## - PAÍS DE PUBLICACIÓN | |
| País de publicación | Colombia |
| 090 ## - CLASIFICACIÓN LOCAL | |
| Colección | TE |
| Consecutivo | 0137 |
| 100 1# - ASIENTO PRINCIPAL--NOMBRE PERSONAL | |
| Nombre personal | Payán Garrido, Carlos Esteban |
| 9 (RLIN) | 16251 |
| 245 10 - MENCION DE TITULO | |
| Título | Análisis genético poblacional y biométrico de varias poblaciones de jaguares (Panthera onca) y pumas (Puma concolor) neotropicales |
| 260 ## - PUBLICACION, DISTRIBUCION, ETC. (PIE DE IMPRENTA) | |
| Lugar de publicación, distribución, etc. | Bogotá |
| Nombre del editor, distribuidor, etc. | Universidad de los Andes. Facultad de Ciencias |
| Fecha de publicación, distribución, etc. | 2001 |
| 300 ## - DESCRIPCION FISICA | |
| Extensión | 76 Paginas |
| 650 14 - ASIENTO SECUNDARIO DE MATERIA - TERMINO TEMATICO | |
| Término temático o nombre geográfico como elemento de entrada | Fauna |
| 9 (RLIN) | 75368 |
| 650 14 - ASIENTO SECUNDARIO DE MATERIA - TERMINO TEMATICO | |
| Término temático o nombre geográfico como elemento de entrada | Mamíferos |
| 9 (RLIN) | 75369 |
| 650 14 - ASIENTO SECUNDARIO DE MATERIA - TERMINO TEMATICO | |
| Término temático o nombre geográfico como elemento de entrada | Felinos |
| 9 (RLIN) | 75370 |
| 650 14 - ASIENTO SECUNDARIO DE MATERIA - TERMINO TEMATICO | |
| Término temático o nombre geográfico como elemento de entrada | Genética de poblaciones |
| 9 (RLIN) | 12552 |
| 650 14 - ASIENTO SECUNDARIO DE MATERIA - TERMINO TEMATICO | |
| Término temático o nombre geográfico como elemento de entrada | Biometría |
| 9 (RLIN) | 93 |
| 650 14 - ASIENTO SECUNDARIO DE MATERIA - TERMINO TEMATICO | |
| Término temático o nombre geográfico como elemento de entrada | Genética molecular |
| 9 (RLIN) | 6801 |
| 662 ## - ASIENTO SECUNDARIO DE MATERIA - JERARQUIA DEL NOMBRE DE LUGAR( | |
| País o entidad mayor | Brasil |
| 662 ## - ASIENTO SECUNDARIO DE MATERIA - JERARQUIA DEL NOMBRE DE LUGAR( | |
| País o entidad mayor | Bolivia |
| 662 ## - ASIENTO SECUNDARIO DE MATERIA - JERARQUIA DEL NOMBRE DE LUGAR( | |
| País o entidad mayor | Colombia |
| 662 ## - ASIENTO SECUNDARIO DE MATERIA - JERARQUIA DEL NOMBRE DE LUGAR( | |
| País o entidad mayor | Perú |
| 942 ## - ELEMENTOS ADICIONALES (KOHA) | |
| Tipo de ítem | Tesis |
| Sistema de clasificación | Local |
| Withdrawn status | Lost status | Sistema de Clasificación | Damaged status | No para préstamo | Colección | Ubicación Permanente | Ubicación actual | Fecha de adquisición | Fuente de Valor | Total Checkouts | Número topográfico | Inventario / Código de Barras | Date last seen | Ejemplar | Price effective from | Forma de adquisición | Tipo de material | Public note |
|---|---|---|---|---|---|---|---|---|---|---|---|---|---|---|---|---|---|---|
| Local | Tesis | Bogotá | Bogotá | 09/01/2002 | Payán Garrido, Carlos Esteban | TE-0137 | 003105 | 04/12/2012 | Ej. 1 | 04/12/2012 | Donación | Tesis | Disponible solo para consulta en sala |